| 000 | 00559nam a2200121Ia 4500 | ||
|---|---|---|---|
| 008 | 171212s9999 xx 000 0 und d | ||
| 020 | _a9780833084293 | ||
| 100 | _aPorche, Isaac R. III;Wilson, Bradley;Johnson, Erin-Elizabeth;Tierney, Shane;Saltzman, Evan | ||
| 245 |
_cPorche, Isaac R. III;Wilson, Bradley;Johnson, Erin-Elizabeth;Tierney, Shane;Saltzman, Evan _aData Flood _bHelping the Navy Address the Rising Tide of Sensor Information |
||
| 260 |
_bRAND Corporation _c2014 |
||
| 650 | _aEconomics | ||
| 856 | _uhttp://www.jstor.org/stable/10.7249/j.ctt6wq8rr | ||
| 999 |
_c351922 _d351922 |
||